02498 a2200253 4500003000500000005001700005040000900022082001500031100002900046245005600075250001200131260004000143300000900183505125600192650004601448942001201494999001901506952012301525952012301648952012301771952012301894952010102017952012602118Nust20230316123550.0 cNust a621.46,YAM aYamamura, Sakae 9110418 aTheory of Linear Induction Motors /cSakae Yamamura a2nd ed. aNew YorkbJohn Wiely and sonsc1972 a235p aIntroduction (Page-3), Type of Model of Linear Induction Motor used (Page-9), Equation for the Electromagnetic Field in the Air Gap and their Solution Based on a One Dimensional Model (Page-17), Calculation of Magnetic Field in the Air Gap (Page-26), Consolation of Performance of Linear Induction Motor under Constant Current Drive (Page-34), Calculation of Performance of Linear Induction Motor under Constant Voltage Drive (Page-38), Low Speed and High Speed Motors (Page-50), Measures to Alleviate the end Effect in High Speed Linear Induction Motors(Page-50), Measures to Alleviate the end Effect in High Speed Linear Induction Motor (Page-58), Solution for Field Equation of the Air Gap Based (Page-65), Calculation of the Magnetic Field in the Air Gap (Page-81), Calculation of Performance (Page-93), Experimental Results (Page-100), Compensation for end Effect (Page-111), Three Dimensional Analysis of Linear Induction (Page-124), Numerical Calculation of Motor Performance with Fourier Transforms (Page-143), Three Dimanensional Analysis of Single Side Linear (Page-150), Three Dimensional Analysis of Double sided Linear Induction Motor with Iron Plate on Secondary (Page-169), Linear Induction Motor of Wound Secondary Type (Page-177).  aTheory of linear induction motors9110419 2ddccBK c183571d183571 00102ddc4070aMCSbMCScGENd2016-12-12o621.46,YAMpMCS5492r2016-12-08w2016-12-12yBKzAlmirah No.84, Shelf No.5 00102ddc4070aMCSbMCScGENd2016-12-12o621.46,YAMpMCS6212r2016-12-08w2016-12-12yBKzAlmirah No.84, Shelf No.5 00102ddc4070aMCSbMCScGENd2016-12-12o621.46,YAMpMCS6214r2016-12-08w2016-12-12yBKzAlmirah No.74, Shelf No.5 00102ddc4070aMCSbMCScGENd2016-12-12o621.46,YAMpMCS6215r2016-12-08w2016-12-12yBKzAlmirah No.84, Shelf No.5 00102ddc40708NFICaMCSbMCSd2016-12-12l0o621.46 YAMpMCS6216r2016-12-08w2016-12-12yBK 00102ddc4070aMCSbMCScGENd2023-03-16l0o621.46,YAMpMCS6213r2023-03-16w2023-03-16yBKzAlmirah No.74, Shelf No.5